| 000 | 00759nam a2200241 u 4500 | ||
|---|---|---|---|
| 005 | 20240228064115.0 | ||
| 008 | 121129s2006 r 000 0 eng d | ||
| 020 | _a9568209166 | ||
| 035 | _aUPN01000189007 | ||
| 049 | _aI | ||
| 050 | 4 |
_aE111 _bS2.8 |
|
| 100 | 1 | _aSanfuentes, Olaya | |
| 245 | 1 | 3 |
_aEl viaje de Colón / _cOlaya Sanfuentes, Alejandra Vega ; il. Carmen Cardemil. |
| 260 |
_aSantiago de Chile : _bAmanuta, _c2006. |
||
| 300 |
_a39 p. : _bil. col. |
||
| 440 | 0 | _aMi historia | |
| 600 | 1 | 4 |
_aCOLON, CRISTOBAL, _d1451-1506 - _vLITERATURA JUVENIL _912080 |
| 650 | 4 |
_aEXPLORADORES - _vLITERATURA JUVENIL _99926 |
|
| 650 | 4 |
_aLibros y lectura para niños _92290 |
|
| 700 | 1 |
_aVega, Alejandra, _ecoaut. |
|
| 905 | _aInfantil | ||
| 999 |
_c161110 _d161110 |
||